ARRUPE JESUIT UNIVERSITY

CORONAVIRUS -STOP THE SPREAD - CLEAN,DISINFECT,COVER

Archaeology in the USSR (Record no. 128801)

MARC details
000 -LEADER
fixed length control field 00961cam a2200277 4500
001 - CONTROL NUMBER
control field 2264513
003 - CONTROL NUMBER IDENTIFIER
control field ARRUPE
005 - DATE AND TIME OF LATEST TRANSACTION
control field 20190123135327.0
008 - FIXED-LENGTH DATA ELEMENTS--GENERAL INFORMATION
fixed length control field 701201t19701961mauab b 000 0 eng
010 ## - LIBRARY OF CONGRESS CONTROL NUMBER
LC control number 78018591
040 ## - CATALOGING SOURCE
Original cataloging agency DLC
Transcribing agency DLC
Modifying agency DLC
041 1# - LANGUAGE CODE
Language code of text/sound track or separate title engrus
043 ## - GEOGRAPHIC AREA CODE
Geographic area code e-ur---
050 00 - LIBRARY OF CONGRESS CALL NUMBER
Classification number SPC. CC105.R9
Item number M613 1961
082 00 - DEWEY DECIMAL CLASSIFICATION NUMBER
Classification number 914.7/03/1
300 ## - PHYSICAL DESCRIPTION
Other physical details illus., maps.
Dimensions 21 cm.
100 1# - MAIN ENTRY--PERSONAL NAME
Personal name Mongaĭt, A. L.
Fuller form of name (Aleksandr Lʹvovich),
Dates associated with a name 1915-1974.
9 (RLIN) 44093
245 10 - TITLE STATEMENT
Title Archaeology in the USSR
Statement of responsibility, etc [by] A. L. Mongait. Translated and adapted by M. W. Thompson.
260 ## - PUBLICATION, DISTRIBUTION, ETC. (IMPRINT)
Place of publication, distribution, etc Middlesex,
Name of publisher, distributor, etc Penguin Books,
Date of publication, distribution, etc 1961
300 ## - PHYSICAL DESCRIPTION
Extent 320 p.
500 ## - GENERAL NOTE
General note Translation of Arkheologii︠a︡ v SSSR.
504 ## - BIBLIOGRAPHY, ETC. NOTE
Bibliography, etc Bibliography: p. [310]-313.
650 #0 - SUBJECT ADDED ENTRY--TOPICAL TERM
Topical term or geographic name as entry element Archaeology
General subdivision History.
9 (RLIN) 36192
651 #0 - SUBJECT ADDED ENTRY--GEOGRAPHIC NAME
Geographic name Soviet Union
General subdivision Antiquities.
9 (RLIN) 44094
906 ## - LOCAL DATA ELEMENT F, LDF (RLIN)
a 7
b cbc
c orignew
d 2
e ncip
f 19
g y-gencatlg
942 ## - ADDED ENTRY ELEMENTS (KOHA)
Source of classification or shelving scheme Library of Congress Classification
Koha item type SPC
Holdings
Withdrawn status Lost status Source of classification or shelving scheme Damaged status Not for loan Collection code Home library Current library Shelving location Date acquired Total Checkouts Full call number Barcode Date last seen Price effective from Koha item type
    Library of Congress Classification     SPECIAL Collection ARRUPE LIBRARY ARRUPE LIBRARY REFERENCE 23/01/2019   SPC. CC105.R9 M613 1961 46600002451 23/01/2019 23/01/2019 SPC

 

Arrupe Library. PO Box MP320 Mt Pleasant, Harare, Zimbabwe
263 242 745411|librarian@aju.ac.zw